000 00242nam a2200097Ia 4500
008 220204s9999 xx 000 0 und d
082 _a82-36
_bTIN
245 4 _aThe adventures of Tintin: Red Rackham's Treasure
260 _aMagnet
942 _cBK
999 _c37917
_d37917